Efektívnosť a intenzifikácia

Guardado en:
Detalles Bibliográficos
Autor principal: Švantnerová, Jiřina
Formato: Libro
Lenguaje:eslovaco
Publicado: Bratislava Pravda 1988
Edición:1. vyd.
Colección:Ekonomická veda a socialistická súčasnosť
Etiquetas: Agregar Etiqueta
Sin Etiquetas, Sea el primero en etiquetar este registro!

MARC

LEADER 00000nam a2200000 4500
001 c024588
005 20221219091524.4
041 0 |a slo 
044 |a SK 
245 1 0 |a Efektívnosť a intenzifikácia  |c J. Švantnerová 
250 |a 1. vyd. 
264 1 |a Bratislava  |b Pravda  |c 1988 
300 |a 312 s. 
490 1 |a Ekonomická veda a socialistická súčasnosť 
830 0 |a Ekonomická veda a socialistická súčasnosť 
100 1 |a Švantnerová, Jiřina